000 00566cab a2200181 4500
001 L130233
008 050704n2005 000 0 eng u
035 _a(Sirsi) u130233
041 _aeng
100 _aHorton, Karl
245 _aBuilding for industry
260 _c2005
490 _aQS Week
_v(10) 29 June 2005, 12-13(2)
520 _aAnalysis of benchmarking costs for four types of industrial buildings: factories; advanced factories; warehouses and retail warehouses.
590 _aIKA040705
690 _aBUILT ENVIRONMENT-BUILDING COSTS
942 _n0
999 _c75508
_d75508